| 000 | 01057nam a22002417a 4500 | ||
|---|---|---|---|
| 005 | 20210325192638.0 | ||
| 008 | s2534 th tha d | ||
| 041 | _atha | ||
| 050 | _aDS 578.32 ฉ151ห 2534 | ||
| 110 | 0 | _aกระทรวงมหาดไทย. กรมการปกครอง | |
| 245 | 1 | 0 | _a60 ปี อธิบดีฉลอง |
| 260 | 3 |
_aกรุงเทพฯ : _bโรงพิมพ์ส่วนท้องถิ่น, _c2534 |
|
| 300 |
_a205 หน้า : _b ภาพสีประกอบ |
||
| 650 | 0 | 4 | _aการปกครองส่วนท้องถิ่น -- ไทย |
| 650 | 0 | 4 | _aนายอำเภอ |
| 650 | 0 | 4 | _aผู้ว่าราชการจังหวัด |
| 650 | 0 | 4 | _aนักปกครอง -- ชีวประวัติ |
| 650 | 0 | 4 | _aฉลอง กัลยาณมิตร, 2474-- |
| 850 | _aNALT | ||
| 942 | _cGB | ||
| 997 | _c000000000032845 | ||
| 998 | _aนางสาวเบญจลักษณ์ สุทธิวิไล | ||
| 999 |
_c32845 _d32845 |
||